[Event "Balkan Youth Online-ch 2020"]
[Site "Online"]
[Date "2020.10.31"]
[Round "2.34"]
[White "Shtavica, Alaudin"]
[Black "Xheladini, Valton"]
[Result "0-1"]
[WhiteElo "1323"]
[BlackElo "1440"]
[Annotator "NA RC"]
[PlyCount "144"]
[EventDate "2020.10.31"]
[EventType "swiss"]
[SourceTitle "playchess.com"]
[Source "ChessBase"]
[SourceQuality "1"]
[TimeControl "5400+30"]

1. e4 {[%emt 1:05:20]} c6 {[%emt 1:05:30]} 2. d4 {[%emt 0:00:53]} d5 {[%emt 0:00:26]} 3. exd5 {[%emt 0:00:49]} cxd5 {[%emt 0:00:22]} 4. Bb5+ {[%emt 0:00:25]} Bd7 {[%emt 0:00:22]} 5. Nc3 {[%emt 0:01:06]} Bxb5 {[%emt 0:01:13]} 6. Nxb5 {[%emt 0:00:27]} Qa5+ {[%emt 0:00:25]} 7. Nc3 {[%emt 0:00:27]} Nc6 {[%emt 0:00:34]} 8. Nf3 {[%emt 0:00:32]} e6 {[%emt 0:00:41]} 9. O-O {[%emt 0:00:40]} Nf6 {[%emt 0:00:46]} 10. Bd2 {[%emt 0:00:31]} Bb4 {[%emt 0:02:08]} 11. a3 {[%emt 0:01:00]} Bxc3 {[%emt 0:00:23]} 12. Bxc3 {[%emt 0:00:33]} Qc7 {[%emt 0:00:30]} 13. h3 {[%emt 0:00:58]} Rc8 {[%emt 0:01:12]} 14. Re1 {[%emt 0:00:50]} Ne4 {[%emt 0:03:01]} 15. Bd2 {[%emt 0:01:11]} O-O {[%emt 0:01:06]} 16. Qc1 {[%emt 0:00:39]} Na5 {[%emt 0:06:45]} 17. b3 {[%emt 0:02:04]} Nxd2 {[%emt 0:01:17]} 18. Qxd2 {[%emt 0:00:28]} Qc3 {[%emt 0:01:24]} 19. Qxc3 {[%emt 0:00:48]} Rxc3 {[%emt 0:00:24]} 20. Re2 {[%emt 0:00:50]} Rfc8 {[%emt 0:00:38]} 21. Ra2 {[%emt 0:00:48]} b6 {[%emt 0:01:21]} 22. Ne5 {[%emt 0:01:03]} h5 {[%emt 0:02:55]} 23. Rb2 {[%emt 0:01:17]} f6 {[%emt 0:00:55]} 24. Ng6 {[%emt 0:00:53]} Kf7 {[%emt 0:01:07]} 25. Nf4 {[%emt 0:00:45]} R8c6 {[%emt 0:01:17]} 26. Nxh5 {[%emt 0:00:32]} Nb7 {[%emt 0:00:40]} 27. Nf4 {[%emt 0:00:40]} g5 {[%emt 0:00:43]} 28. Nd3 {[%emt 0:00:27]} Nd6 {[%emt 0:00:39]} 29. Nb4 {[%emt 0:01:03]} Rc8 {[%emt 0:01:02]} 30. a4 {[%emt 0:00:42]} Ne4 {[%emt 0:02:19]} 31. Nd3 {[%emt 0:00:49]} b5 {[%emt 0:01:14]} 32. axb5 {[%emt 0:00:28]} Rb8 {[%emt 0:00:36]} 33. b4 {[%emt 0:00:48]} Rxb5 {[%emt 0:00:42]} 34. Ra2 {[%emt 0:00:54]} Rc7 {[%emt 0:00:36]} 35. Nc5 {[%emt 0:00:27]} Nc3 {[%emt 0:00:57]} 36. Nxe6 {[%emt 0:01:45]} Nxe2+ {[%emt 0:00:25]} 37. Kf1 {[%emt 0:00:25]} Ng3+ {[%emt 0:00:31]} 38. fxg3 {[%emt 0:00:25]} Kxe6 {[%emt 0:00:23]} 39. c3 {[%emt 0:00:22]} Rxc3 {[%emt 0:00:30]} 40. Ra6+ {[%emt 0:00:52]} Rb6 {[%emt 0:00:27]} 41. Rxa7 {[%emt 0:00:26]} Rxg3 {[%emt 0:00:28]} 42. Ra2 {[%emt 0:00:48]} Rxb4 {[%emt 0:00:37]} 43. Ra6+ {[%emt 0:00:31]} Kf5 {[%emt 0:00:28]} 44. Kf2 {[%emt 0:00:30]} Rc3 {[%emt 0:00:46]} 45. Ra2 {[%emt 0:01:10]} Rxd4 {[%emt 0:00:31]} 46. Ke1 {[%emt 0:00:35]} Rc1+ {[%emt 0:00:32]} 47. Ke2 {[%emt 0:00:40]} Rdc4 {[%emt 0:00:22]} 48. Kd2 {[%emt 0:00:35]} Rg1 {[%emt 0:00:28]} 49. Kd3 {[%emt 0:00:35]} Rcc1 {[%emt 0:00:35]} 50. Ke3 {[%emt 0:01:50]} Rge1+ {[%emt 0:01:01]} 51. Kf3 {[%emt 0:03:13]} Ke5 {[%emt 0:00:24]} 52. Kg3 {[%emt 0:02:58]} f5 {[%emt 0:00:43]} 53. Ra8 {[%emt 0:01:02]} d4 {[%emt 0:00:39]} 54. Re8+ {[%emt 0:00:35]} Kd5 {[%emt 0:00:24]} 55. Rd8+ {[%emt 0:00:30]} Kc4 {[%emt 0:00:22]} 56. Rc8+ {[%emt 0:00:23]} Kd3 {[%emt 0:00:33]} 57. Rf8 {[%emt 0:00:38]} Re3+ {[%emt 0:00:27]} 58. Kh2 {[%emt 0:00:38]} f4 {[%emt 0:00:22]} 59. h4 {[%emt 0:00:42]} Ree1 {[%emt 0:00:40]} 60. Kh3 {[%emt 0:00:43]} gxh4 {[%emt 0:00:32]} 61. Kxh4 {[%emt 0:00:53]} Re4 {[%emt 0:00:33]} 62. Rf7 {[%emt 0:00:44]} f3+ {[%emt 0:00:35]} 63. Kh3 {[%emt 0:00:27]} fxg2 {[%emt 0:00:22]} 64. Kxg2 {[%emt 0:00:26]} Re3 {[%emt 0:00:29]} 65. Rf2 {[%emt 0:01:01]} Rc2 {[%emt 0:00:25]} 66. Rxc2 {[%emt 0:00:24]} Kxc2 {[%emt 0:00:22]} 67. Kf1 {[%emt 0:00:22]} d3 {[%emt 0:00:23]} 68. Kf2 {[%emt 0:00:24]} Re8 {[%emt 0:00:22]} 69. Kf3 {[%emt 0:00:24]} d2 {[%emt 0:00:23]} 70. Kg3 {[%emt 0:00:21]} d1=Q {[%emt 0:00:23]} 71. Kh4 {[%emt 0:00:22]} Rg8 {[%emt 0:00:25]} 72. Kh3 {[%emt 0:00:35]} Qh1# {[%emt 0:00:22]} 0-1

[Event "Balkan Youth Online-ch 2020"]
[Site "Online"]
[Date "2020.10.31"]
[Round "2.35"]
[White "Terziev, Dimo"]
[Black "Krallis, Christos"]
[Result "0-1"]
[WhiteElo "2123"]
[BlackElo "2444"]
[Annotator "TA"]
[PlyCount "148"]
[EventDate "2020.10.31"]
[EventType "swiss"]
[SourceTitle "playchess.com"]
[Source "ChessBase"]
[SourceQuality "1"]

{[%evp 14,148,23,20,20,23,35,27,50,3,7,-38,-51,-43,-48,-41,-48,-57,-60,-56,-39,-33,0,-81,-67,-80,-48,-58,-12,-52,-48,-61,-86,-57,0,-28,0,0,0,0,70,65,67,-45,-18,-33,3,-85,-85,-84,-78,-78,-56,-78,0,0,0,0,0,-131,-98,-121,-122,-125,-119,-164,-151,-152,-159,-152,-112,-122,-112,-120,-73,-81,-62,-89,-39,-56,-26,-56,-20,-35,-45,-36,-36,-31,-19,-29,-16,-115,-72,-195,-196,-200,-195,-170,-160,-195,-210,-192,-193,-250,-156,-379,-366,-295,-330,-445,-437,-729,-732,-670,-572,-691,-685,-761,-742,-751,-743,-673,-665,-1109,-944,-880,-786,-1498,-1013,-1539,-1388,-5185,-5089,-29980,-29981,-29983,-29984]} 1. e4 e5 2. Nf3 Nc6 3. Bc4 Nf6 4. d3 Bc5 5. O-O a6 6. Bb3 Ba7 7. Nbd2 d6 8. c3 h6 {C54: Giuoco Piano: 4 c3 Nf6, main lines with 5 d4 and 5 d3.} 9. Re1 Nh5 10. Nf1 Qf6 {White has an edge.} 11. Be3 (11. g3 {is more complex.} O-O 12. Be3 Bg4 13. Kg2 Qg6 14. Bxa7 Rxa7 15. Ne3) 11... Bg4 12. Bxa7 Bxf3 13. Qxf3 Qxf3 14. gxf3 {Black must now prevent Be3.} Rxa7 {[#]} 15. Ng3 $146 ({Predecessor:} 15. Rad1 Nf4 16. d4 f6 17. Ne3 Ne7 18. Kh1 Ra8 19. Rg1 Nh3 20. Rg2 Kf8 21. Rd2 {½-½ (55) Lu,S (2595)-Bu,X (2695) Danzhou 2015}) 15... Nf4 16. Rad1 h5 17. Ne2 Ng6 18. Kf1 (18. Kh1 $11) 18... Nh4 $17 19. Ng1 $1 Rh6 20. d4 Rg6 21. Re3 (21. f4 $5) 21... Ng2 22. Re2 Nf4 {aiming for ...Rxg1+!} 23. Red2 h4 (23... Rg2 $15 24. dxe5 Nxe5) 24. Bd5 f6 25. Ne2 Nh3 26. Be6 Ng5 (26... Nf4 $1 $11 27. Nxf4 exf4) 27. Bf5 $14 Rh6 28. Ng1 (28. f4 $14 exf4 29. Nxf4) 28... Ne7 {[%cal Bc6e7,Be7g6,Bg6f4][%mdl 32]} 29. Bg4 Ng6 (29... b6 {looks sharper.} 30. Rd3 h3 31. Ke1 Rh4 32. Re3 Ng6) 30. Nh3 (30. Ne2 $11) 30... Nxh3 $17 31. Bxh3 Nf4 32. Bg4 Ke7 33. c4 {[#]} Ra8 ({Black should play} 33... exd4 $1 $17 {Strongly threatening ...d3.} 34. Rxd4 b6) 34. c5 $11 Rd8 35. cxd6+ Rxd6 36. d5 (36. b4 $11) 36... g6 37. Bc8 Rb6 38. Rc2 Kd6 39. Bg4 Rh7 40. b3 Rf7 {Threatens to win with ...f5.} 41. Be6 Nxe6 42. dxe6+ Kxe6 $17 {[%mdl 4096] Endgame KRR-KRR} 43. Rd8 Rd6 44. Re8+ Kd7 45. Rb8 b5 46. Ke2 Re7 47. Ra8 Ree6 48. Rh8 Rc6 49. Rd2+ $1 Red6 50. Rxh4 Rc3 51. f4 Ke6 52. Rg4 (52. fxe5 $1 $11 Kxe5 53. Rg4) 52... exf4 53. Rxf4 (53. Rxd6+ $17 cxd6 54. Rxg6) 53... Rxd2+ $19 54. Kxd2 $17 {KR-KR} Rh3 55. Rg4 Rxh2 56. Ke2 g5 57. Rg1 Rh4 58. Ke3 (58. Kf3 $142) 58... Rh3+ 59. Kd2 $2 {Loses the game.} (59. f3 $17) 59... Rf3 60. Ke2 {[#]} Rc3 $1 61. Kd2 b4 62. e5 (62. Rh1 $142 Ke5 63. Rh6) 62... Kxe5 $19 63. Re1+ Kf5 64. Re8 Rc5 65. Rb8 Rb5 66. Rc8 Ra5 67. Rxc7 Rxa2+ 68. Ke3 Rb2 69. Rc5+ Kg6 70. Rc6 Rxb3+ 71. Ke4 a5 72. Ra6 Ra3 73. f4 gxf4 74. Kxf4 b3 {Av CentiPawn Loss W=-80/B=-29. Weighted=-60/-23} 0-1

[Event "Balkan Youth Online-ch 2020"]
[Site "Online"]
[Date "2020.10.31"]
[Round "2.36"]
[White "Unat, Can Haktan"]
[Black "Magold, Victor"]
[Result "0-1"]
[WhiteElo "2130"]
[BlackElo "2045"]
[Annotator "TA"]
[PlyCount "90"]
[EventDate "2020.10.31"]
[EventType "swiss"]
[SourceTitle "playchess.com"]
[Source "ChessBase"]
[SourceQuality "1"]

{[%evp 11,90,46,55,55,51,49,37,48,68,65,85,94,94,88,109,112,112,118,118,111,125,113,121,89,107,124,181,146,172,110,106,107,141,89,126,109,137,118,123,88,67,0,0,-164,-179,-170,-124,-241,-216,-202,-207,-199,-189,-268,-271,-550,-525,-616,-627,-972,-1000,-983,-988,-1223,-1206,-1404,-1021,-2435,-1803,-29986,-29984,-29991,-29992,-29998,-29986,-29986,-29987,-29989,-29990,-29992,-29992]} 1. e4 c5 2. Nf3 d6 3. d4 cxd4 4. Nxd4 Nf6 5. f3 a6 6. c4 g6 7. Nc3 {B55: Sicilian: 2...d6 3 d4 cxd4 4 Nxd4 Nf6 5 f3.} Bg7 8. Be3 O-O 9. Be2 {White is slightly better.} Qc7 10. O-O Nbd7 11. Qd2 e6 12. Rfd1 Rd8 {[#]} 13. Nb3 $146 ({Predecessor:} 13. Rac1 b6 14. b3 Bb7 15. Kh1 Rac8 16. h3 Nh5 17. Bf2 Be5 18. Nc2 Ng3+ 19. Kg1 Bxc3 {0-1 (34) Kaluzny,J (1454)-Skurniak,S (1606) Poland 2016}) 13... Bf8 14. a4 b6 15. a5 bxa5 16. Nxa5 (16. Rxa5 Rb8 $17) 16... Bb7 17. Bd4 Bg7 18. b4 Ne5 (18... Ne8 $16 19. Bxg7 Kxg7) 19. Qe3 {Threatens to win with Bb6.} Nfd7 20. Rac1 (20. b5 $18) 20... Rac8 21. Na4 Qb8 22. Ba7 (22. c5 $142) 22... Qa8 23. Bb6 Nxb6 24. Nxb6 Qa7 25. Nxb7 Bh6 26. Qf2 ({Better is} 26. Qd4 $14 Qxb7 27. Nxc8 Bxc1 28. Rxc1 (28. Nxd6 Qxb4 29. Qxe5 Ba3 $11) 28... Qxc8 29. Qb6) 26... Qxb7 $11 27. f4 $2 (27. Nxc8 $11 Bxc1 28. Ne7+ (28. Rxc1 Rxc8 29. Qe1 Nc6 $11) (28. Nxd6 Qxb4 29. Rxc1 Rxd6 $15) 28... Qxe7 29. Rxc1) 27... Bxf4 $1 $19 28. Ra1 Rb8 29. c5 (29. Qxf4 $17 {was the only defense.} Qxb6+ {[%mdl 64] Double Attack} 30. c5 Qxb4 31. cxd6 Qc5+ 32. Qf2) 29... Bh6 30. Qh4 Be3+ {[%mdl 64] Double Attack} 31. Kh1 g5 32. Qh3 (32. Qe1 {was called for.} Qxe4 33. Nc4) 32... Qxe4 33. Re1 $2 (33. Qg3) 33... Bd2 34. Bf3 Qxb4 35. Be4 Bxe1 36. Qxh7+ Kf8 37. Qh6+ Ke8 38. cxd6 Qxd6 39. Na4 Bb4 {( -> ...Qd1+!)} 40. h4 {[#]} Qd1+ $1 {Black mates.} 41. Kh2 (41. Rxd1 Rxd1+) 41... Ng4+ {[%mdl 64] Double Attack} 42. Kg3 Nxh6 43. Rxd1 gxh4+ 44. Kxh4 Rxd1 45. Kg5 {[#]} Nf5 $1 {Av CentiPawn Loss W=-46/B=-10. Weighted=-59/-11} 0-1

[Event "Balkan Youth Online-ch 2020"]
[Site "Online"]
[Date "2020.10.31"]
[Round "2.37"]
[White "Patrelakis, Evaggelos"]
[Black "Vujovic, Savo"]
[Result "1-0"]
[WhiteElo "2281"]
[BlackElo "2118"]
[Annotator "TA"]
[PlyCount "85"]
[EventDate "2020.10.31"]
[EventType "swiss"]
[SourceTitle "playchess.com"]
[Source "ChessBase"]
[SourceQuality "1"]

{[%evp 24,85,16,17,96,86,117,39,99,-13,-5,-150,-154,-281,-279,-499,-493,-464,-526,-508,-484,-438,65,58,64,58,28,66,44,0,14,15,174,181,189,189,214,204,212,192,277,285,406,412,396,352,468,456,547,511,543,496,675,673,990,927,881,868,2662,2529,12843,12843,12843,12843]} 1. e4 c5 2. Nf3 Nc6 3. d4 cxd4 4. Nxd4 Nf6 5. Nc3 e5 6. Ndb5 d6 7. Bg5 a6 8. Na3 b5 9. Bxf6 gxf6 10. Nd5 f5 11. g3 fxe4 12. Bg2 Bg7 13. Bxe4 {Nf6+! is the strong threat.} O-O {B33: Sicilian: Pelikan and Sveshnikov Variations.} (13... Be6 $11) 14. Ne3 $16 ({Not} 14. Qh5 f5 $17) 14... Qd7 15. Qf3 (15. Qh5 $16 {[%csl Ge4][%cal Rh5h7]} f5 16. Bxf5 Rxf5 17. Nxf5) 15... Bb7 {[#]} ({Black should try} 15... d5 $14 16. Bxd5 Nd4) 16. O-O-O $146 (16. Qf5 $1 $16 {[%cal Rf5h7][%mdl 512]} Qxf5 17. Nxf5) ({Predecessor:} 16. Qh5 h6 17. Qf5 Qxf5 18. Nxf5 Na5 19. Bxb7 Nxb7 20. O-O-O Rfd8 21. Rd5 {0-1 (60) Szabo,B (1993)-Horvath,J (2090) Balatonlelle 2006}) 16... f5 $1 $11 {[%cal Rf5e4]} 17. Bd5+ (17. Nxf5 $11 {keeps the balance.} Nd4 18. Rxd4 Bxe4 19. Rxe4 Qxf5 20. Qd3) 17... Kh8 $17 18. Qh5 (18. Qg2 $17) 18... Nd4 $19 19. c3 $2 {[#]} (19. Kb1 {keeps fighting.}) 19... b4 $1 {[%mdl 512]} 20. cxb4 Bxd5 21. Nxd5 Qc6+ 22. Nc3 Nb5 $2 ({Better is} 22... Rab8 $19 23. Rhe1 Rxb4) 23. Naxb5 $14 axb5 24. Kb1 e4 25. Qe2 Bxc3 26. Qc2 {[%mdl 64] Pin} Rfc8 27. Rc1 {[%cal Rc2c3]} Qc4 $2 (27... Qd5 $11 {and Black has nothing to worry.} 28. bxc3 Ra3) 28. Qxc3+ $18 Qxc3 29. bxc3 {[%cal Bb2c3,Bc3c4,Bc4c5][%mdl 4128] Endgame KRR-KRR} d5 30. Rhd1 Rd8 31. Rd4 Rd6 (31... Ra3 $142 32. Rcd1 Rxc3 33. Rxd5 Rxd5 34. Rxd5 Rf3) 32. Rcd1 Rad8 {[#]} (32... Rh6 {was necessary.} 33. h4 Rb8 34. Rxd5 f4) 33. a4 $1 {[%mdl 512]} bxa4 34. c4 Rb6 35. c5 {White is clearly winning.} Rb5 36. Ka2 f4 37. Ka3 Rdb8 38. gxf4 Rf8 39. Kxa4 Rbb8 40. Rxd5 Rxf4 41. Rd8+ Rxd8 42. Rxd8+ Kg7 43. c6 {What a bad dream for Black. Av CentiPawn Loss W=-33/B=-123. Weighted=-37/-111} 1-0

[Event "Balkan Youth Online-ch 2020"]
[Site "Online"]
[Date "2020.10.31"]
[Round "2.38"]
[White "Papidakis, Georgios"]
[Black "Pobor, Milo"]
[Result "0-1"]
[WhiteElo "2135"]
[BlackElo "2084"]
[Annotator "TA"]
[PlyCount "84"]
[EventDate "2020.10.31"]
[EventType "swiss"]
[SourceTitle "playchess.com"]
[Source "ChessBase"]
[SourceQuality "1"]

{[%evp 18,84,81,81,81,75,83,64,54,50,83,0,2,7,49,38,45,29,27,17,35,6,83,83,156,108,110,87,353,337,789,105,98,62,96,-6,406,365,192,64,200,52,508,289,508,227,212,218,195,0,429,259,269,252,2639,1929,1261,0,0,-693,-532,-5414,-5269,-29991,-29992,-29992,-29993,-29996,-29997]} 1. d4 Nf6 2. c4 c5 3. d5 g6 4. Nc3 Bg7 5. Nf3 O-O 6. g3 d6 7. Bg2 e6 8. O-O exd5 9. cxd5 Bg4 10. Nd2 Qd7 {A62: Modern Benoni: Fianchetto Variation without early ...Nbd7.} 11. f3 Bh3 12. Bxh3 Qxh3 {White is slightly better.} 13. Nc4 Rd8 14. Bf4 ({White should try} 14. Bg5 $16) 14... Nh5 $11 15. Qd2 $36 {[%mdl 2048] [#] White is pushing.} (15. Bxd6 Rxd6 16. Nxd6 Bd4+ 17. Rf2 Bxf2+ 18. Kxf2 Qxh2+ 19. Ke3 Qxg3 $17) 15... Bd4+ $146 ({Predecessor:} 15... Na6 16. Ne4 Nc7 17. Bxd6 Ne8 18. Be7 Rd7 19. d6 Qe6 20. Rac1 Rc8 21. Ng5 Qxe7 22. dxe7 Rxd2 23. Nxd2 {0-1 (67) Medvegy,Z (2512)-Harikrishna,P (2664) Mainz 2007}) 16. e3 Bxc3 $1 17. Qxc3 Nxf4 18. exf4 {Black should prevent Rae1.} b5 19. Qa5 (19. Nd2 {feels hotter.} Na6 20. Ne4 b4 21. Qd2 Qh6 22. g4) 19... Qd7 (19... Nc6 $1 $11 20. dxc6 bxc4) 20. Ne3 $16 h5 (20... Qe7 $142 21. Rfe1 Qf6) 21. Rfe1 Re8 22. Kg2 Qb7 $2 {[%mdl 8192] [#]} (22... Qd8 $16 {was necessary.} 23. Qxb5 Nd7) 23. Nf5 $1 $18 {[%mdl 512]} Rxe1 $2 (23... Rf8) (23... gxf5 24. Rxe8+) 24. Rxe1 $2 (24. Qd8+ $1 $18 {and the rest is easy.} Kh7 25. Rxe1) 24... Nd7 $16 (24... gxf5 $2 25. Re8+ Kh7 26. Qc3 $18) 25. Ne7+ Kg7 26. Nc6 ({White should play} 26. f5 $1 $16) 26... Qb6 $2 {[%mdl 8192]} (26... Nf6 $11 27. Qd2 Qc8) 27. Qc3+ $18 Nf6 {[#]} 28. b3 (28. f5 $1 $18 {[%cal Rf5g6] Black must now prevent fxg6.} b4 29. Qd2) 28... c4 (28... Qa6 $14 29. a4 b4) 29. b4 (29. bxc4 $6 Qc5 $16) (29. Re7 $18 {Hoping for Nd4.} b4 30. Qxc4 (30. Nxb4 cxb3 31. axb3 Qc5 $16)) 29... Rh8 $2 {[%mdl 8192]} (29... Qa6 $14) 30. Re2 Qc7 $2 (30... a5 31. g4 (31. bxa5 Qc5 $18) (31. Nxa5 Qd8 $16) 31... hxg4) 31. g4 (31. Re7 $142 Qc8 32. Nd4 (32. Nxa7 Qa6 $11) (32. Rxa7 Qf5 $16)) 31... hxg4 32. fxg4 Qd7 {[#]} 33. f5 $2 (33. h3 $1 $18) 33... g5 $2 {[%mdl 8192]} (33... Re8 $1 $11 {and Black stays safe.} 34. Rf2 Re4) 34. Re7 Qc8 35. Qd2 ({Don't play} 35. Rxa7 $6 Qe8 $16) 35... Kh6 $2 (35... Kf8 36. Rxa7 (36. Qxg5 Nxd5 37. Rxf7+ {[%mdl 64] Remove Defender} Kxf7 $11) 36... Qe8) 36. h4 Rg8 37. hxg5+ $2 (37. Rxf7 $18 Nxg4 38. Ne7 {[%mdl 64] Double Attack}) 37... Rxg5 $11 {Strongly threatening ...Qxf5.} 38. Rxf7 $2 {[%mdl 8192]} (38. Kf1 $11 Nxg4 39. Rxf7) 38... Qxf5 $1 $19 {[%mdl 64] Double Attack} 39. Nd4 Qxg4+ 40. Kf2 Ne4+ {[%mdl 64] Double Attack. Black mates.} 41. Ke3 Nxd2 42. Kxd2 Qxd4+ {[%mdl 64] Double Attack. Never resign too early! Av CentiPawn Loss W=-215/B=-96. Weighted=-242/-145} 0-1

[Event "Balkan Youth Online-ch 2020"]
[Site "Online"]
[Date "2020.10.31"]
[Round "2.39"]
[White "Veljanoski, Andrej"]
[Black "Velkoski, Stojan"]
[Result "0-1"]
[WhiteElo "2007"]
[BlackElo "1705"]
[Annotator "TA"]
[PlyCount "92"]
[EventDate "2020.10.31"]
[EventType "swiss"]
[SourceTitle "playchess.com"]
[Source "ChessBase"]
[SourceQuality "1"]

{[%evp 10,92,27,20,24,24,11,11,47,39,53,20,7,7,8,6,20,-28,62,62,64,49,77,89,86,79,83,75,100,59,114,60,79,22,37,18,95,97,870,867,1152,487,519,522,534,407,498,488,391,168,176,175,172,137,135,80,80,80,88,75,83,0,0,0,0,0,-2,-60,0,-178,-169,-215,-210,-191,-191,-304,0,0,0,-175,-118,-118,-6,-1031,-1026]} 1. e4 e6 2. d4 d5 3. Nd2 c5 4. Ngf3 cxd4 5. exd5 Qxd5 6. Bc4 Qd7 {C07: French Tarrasch: 3...c5, 4 Ngf3 and 4 exd5 Qxd5.} 7. O-O Nc6 8. Re1 {[#]} Bd6 $146 {The position is equal.} ({Predecessor:} 8... Nf6 9. Nb3 Qc7 10. Bb5 Bd7 11. Nbxd4 O-O-O 12. Qe2 Nxd4 13. Nxd4 Bc5 14. Bxd7+ Rxd7 {1-0 (23) Temirkanov,D (2282)-Iskusnyh,S (2473) chess.com INT 2020}) 9. Ne4 Nge7 10. c3 O-O 11. Nxd4 Nxd4 12. Qxd4 Nf5 13. Qd1 Qc7 (13... Bxh2+ $11 14. Kxh2 Qc7+ {[%mdl 64] Double Attack} 15. Kg1 Qxc4) 14. Nxd6 $14 Qxd6 15. Qf3 $36 {[%mdl 2048] White has some pressure.} Qc7 16. Bd3 Bd7 17. Bf4 Qb6 18. b3 Rfd8 19. Rad1 Rac8 (19... Bb5 $14) 20. c4 (20. Qh3 $16) 20... Bc6 21. Qg4 ({White should play} 21. Qh3 $16) 21... Qa5 $11 {Strongly threatening ...Rxd3!} 22. Kf1 Qxa2 (22... Rd7 $11) 23. Be5 $16 g6 $2 {[%mdl 8192] [#]} (23... Rxd3 $16 24. Rxd3 Qa3) 24. Qg5 $1 $18 {[%cal Rg5f6]} Kf8 25. Bf6 (25. Qf6 $142 {Intending Bxf5 and mate.} Nd6 26. Qg7+ Ke8 27. Bf6) 25... Rxd3 26. Rxd3 h6 27. Qf4 {g4 is the strong threat.} Qc2 28. Red1 {aiming for g4.} g5 29. Qd2 (29. Rd8+ $142 Rxd8 30. Rxd8+ Be8 31. Qf3) 29... Qxd2 30. R1xd2 Kg8 31. f3 Kh7 32. b4 (32. Rd8 $142 Rxd8 33. Rxd8) 32... a6 $16 33. Kf2 Kg6 34. Bb2 Ba4 35. Rd8 ({White should try} 35. Rc3 $16) 35... Rxc4 $11 36. g4 {Black must now prevent Rg8+.} Ne7 37. Kg3 Bc6 38. Be5 (38. R8d4 $11 b5 39. f4) 38... h5 (38... f6 $15 39. Bd6 Nd5) 39. h3 $2 (39. Rf8 $11 {and White has nothing to worry.}) 39... h4+ $19 ({Stronger than} 39... Rxb4 40. Bd6 $11) 40. Kf2 {[#]} f6 $1 {[%cal Rf6e5]} 41. Bd6 Nd5 42. Re2 (42. Rd3 $142) 42... Nf4 $2 ({Inferior is} 42... Nxb4 43. Rxe6 Nd5 44. Re4 $11) (42... e5 $19 {Threatens to win with ...Nf4.} 43. Rf8 Rc3) 43. Bxf4 $1 $11 Rxf4 44. Re3 $2 (44. Rxe6 $11 Kf7 45. Re3) 44... e5 ({Don't play} 44... Rxb4 45. Rxe6 Kf7 46. Re3 $15) (44... Kf7 $19 45. Rd6 e5) 45. Rb3 $17 e4 ({Better is} 45... Kf7 $17 46. Kg2 Rc4) 46. Rd4 $2 {[%mdl 8192] [#]} (46. Re3 $11) 46... e3+ $1 {[%mdl 576] Discovered Attack. Quite a comeback for Black. Av CentiPawn Loss W=-78/B=-49. Weighted=-123/-49} 0-1

[Event "Balkan Youth Online-ch 2020"]
[Site "Online"]
[Date "2020.10.31"]
[Round "2.40"]
[White "Kilic, Gokturk Kagan"]
[Black "Dimov, Nikola"]
[Result "1-0"]
[WhiteElo "2084"]
[BlackElo "1771"]
[Annotator "TA"]
[PlyCount "55"]
[EventDate "2020.10.31"]
[EventType "swiss"]
[SourceTitle "playchess.com"]
[Source "ChessBase"]
[SourceQuality "1"]

{[%evp 15,55,54,43,40,55,41,44,23,34,35,55,0,14,18,27,18,30,-15,11,-7,40,52,58,62,51,30,105,71,60,62,63,0,0,0,0,-2,0,0,6,0,971,968]} 1. e4 c5 2. Nf3 Nc6 3. Bb5 g6 4. O-O Bg7 5. c3 d6 6. d4 cxd4 7. cxd4 Bd7 8. Re1 Nf6 9. Nc3 {B51: Sicilian: Moscow Variation (3 Bb5+) without 3...Bd7.} O-O 10. Bg5 Bg4 11. Bxc6 {White is slightly better.} bxc6 12. h3 Be6 {[#]} 13. d5 $146 (13. b3 $14) ({Predecessor:} 13. Qd2 Rb8 14. b3 Re8 15. Bh6 Bh8 16. Ng5 Bd7 17. e5 Nh5 18. g4 Ng7 19. Qf4 {1-0 (35) Manukian,A (2196)-Narva,M (2347) chess.com INT 2019}) 13... Bd7 14. Qd2 Re8 15. Rad1 Rb8 16. Qc1 {White wants to play dxc6.} Qb6 17. b3 cxd5 18. Bxf6 exf6 19. Nxd5 Qa5 20. Qf4 Qxa2 (20... Bc6 $1 $11) 21. Nxf6+ (21. Qxd6 {is more complex.} Be6 22. Nd4 Bxd5 23. exd5 Bf8 24. Rxe8 Rxe8 25. Qxf6 Bg7 26. Qc6) 21... Bxf6 22. Qxf6 Qxb3 23. Rxd6 (23. Qh4 $14) 23... Rb6 $11 24. Rxb6 Qxb6 25. Qh4 Kg7 26. e5 a5 27. Rd1 Qe6 $2 {[%mdl 8192] [#]} (27... Bf5 $11) 28. Ng5 $1 {[%csl LRe6,LRh7][%mdl 64] Double Attack. Av CentiPawn Loss W=-13/B=-62. Weighted=-13/-44} 1-0